Evanjeliá

Podrobná bibliografia
Médium: Kniha
Jazyk:slovenčina
Vydavateľské údaje: Rím Slovenský ústav svätého Cyrila a Metoda 1989
Predmet:

MARC

LEADER 00000nam a2200000 a 4500
001 vtls001161837
003 SK-MaSNL
005 20260301194417.0
008 240226s1989 it slo
035 |a SNK000104744 
035 |a urn:nbn:sk:snk-am3i9w2 
035 |a B6AA580C-71E6-4726-AFA6-C87A31635840 
035 |a urn:nbn:sk:snk-am00dzk5 
040 |a SNK  |b slo  |c SNK  |e AACR2 
041 0 |a slo 
044 |a it  |c IT 
245 0 0 |a Evanjeliá 
260 |a Rím  |b Slovenský ústav svätého Cyrila a Metoda  |c 1989 
630 0 7 |a Biblia  |p Evanjeliá  |2 SNKPH  |9 162776 
655 7 |a monografie  |2 SNKPH  |9 70139 
958 |a OND 
958 |a EUIPO 
999 |c 881775  |d 883705 
952 |a SNK  |b SNK  |y PREZ  |7 0  |p 17A0786357  |o snkSE 8104  |0 0  |1 0  |4 0  |d 2012-01-24  |f 1  |l 0  |r 2026-02-24 06:18:18  |w 2026-02-24 
952 |t P60, <04>, [BOOK], {604}  |a SNK  |b SNK  |y VYP  |7 0  |p 17A0111712  |o snkSE 8104 D1  |0 0  |1 0  |4 0  |d 1997-12-02  |l 0  |r 2005-01-01 00:00:00  |w 2026-02-24